<?xml version="1.0" encoding="UTF-8"?>
<record
    xmlns:xsi="http://www.w3.org/2001/XMLSchema-instance"
    xsi:schemaLocation="http://www.loc.gov/MARC21/slim http://www.loc.gov/standards/marcxml/schema/MARC21slim.xsd"
    xmlns="http://www.loc.gov/MARC21/slim">

  <leader>02337nam a22003257a 4500</leader>
  <controlfield tag="001">323</controlfield>
  <controlfield tag="003">OSt</controlfield>
  <controlfield tag="005">20250528074018.0</controlfield>
  <controlfield tag="008">250327b        |||||||e |||| 00| f eng d</controlfield>
  <datafield tag="040" ind1=" " ind2=" ">
    <subfield code="b">por</subfield>
  </datafield>
  <datafield tag="041" ind1=" " ind2=" ">
    <subfield code="h">eng</subfield>
    <subfield code="a">por</subfield>
  </datafield>
  <datafield tag="082" ind1=" " ind2=" ">
    <subfield code="a">823</subfield>
    <subfield code="b">H268j</subfield>
  </datafield>
  <datafield tag="100" ind1="1" ind2=" ">
    <subfield code="a">Hardy, Thomas,</subfield>
    <subfield code="d">1840-1928</subfield>
    <subfield code="9">652</subfield>
  </datafield>
  <datafield tag="240" ind1=" " ind2=" ">
    <subfield code="a"> Jude the Obscure</subfield>
  </datafield>
  <datafield tag="245" ind1=" " ind2=" ">
    <subfield code="a">Judas, o Obscuro  /</subfield>
    <subfield code="c">Hardy, Thomas ;  Tradu&#xE7;&#xE3;o de Octavio de Faria</subfield>
  </datafield>
  <datafield tag="260" ind1=" " ind2=" ">
    <subfield code="a">S&#xE3;o Paulo </subfield>
    <subfield code="b">Abril</subfield>
    <subfield code="c">1971</subfield>
  </datafield>
  <datafield tag="300" ind1=" " ind2=" ">
    <subfield code="a">459 p.</subfield>
  </datafield>
  <datafield tag="490" ind1="1" ind2=" ">
    <subfield code="a">Os Imortais da Literatura Universal</subfield>
  </datafield>
  <datafield tag="520" ind1=" " ind2=" ">
    <subfield code="a">Judas, o Obscuro narra o drama de Judas Fawley, cujas ambi&#xE7;&#xF5;es est&#xE3;o amarradas pela condi&#xE7;&#xE3;o social. Depois de um casamento tumultuoso, Judas ruma a Christminster com o intuito de mudar a sua vida e apaixona-se pela delicada e intelectual Sue Bridehead que em nada se parece com a sua primeira mulher Arabella. Ambos protagonizam uma hist&#xF3;ria de amor repleta de trag&#xE9;dia no panorama hist&#xF3;rico-social de uma Inglaterra do s&#xE9;culo XVIII.
Judas, o her&#xF3;i deste romance, &#xE9; uma das mais perfeitas encarna&#xE7;&#xF5;es do homem sens&#xED;vel e delicado, bom e puro, que toda uma estrutura social e religiosa desumana e o ego&#xED;smo individual n&#xE3;o hesitam em esmagar, sem sequer desconfiar da desgra&#xE7;a que est&#xE3;o ocasionando. Judas procura ser ele mesmo; e a sociedade, ela mesma. &#xC9; uma obra de um determinismo melodram&#xE1;tico chocante. Os fatos se sucedem dentro de uma realidade ambivalente. Judas, ante as incompreens&#xF5;es, abre seu cora&#xE7;&#xE3;o de homem. E os que o rodeiam volvem ent&#xE3;o a face, porque &#xE9; a eles pr&#xF3;prios que suas feridas mais ferem.
Jude, o Obscuro, o &#xFA;ltimo romance de Hardy, &#xE9; considerado o trabalho mais corajoso e inovador do escritor. Originalmente publicado em fasc&#xED;culos mensais, cada novo cap&#xED;tulo trazia uma onda de choque aos leitores vitorianos. Como em outras obras do autor, &#xE9; poss&#xED;vel perceber o quanto a sociedade &#xE9; cruel com aqueles que desafiam suas tradi&#xE7;&#xF5;es.
</subfield>
  </datafield>
  <datafield tag="650" ind1=" " ind2="0">
    <subfield code="a">Literatura Inglesa</subfield>
    <subfield code="9">89</subfield>
  </datafield>
  <datafield tag="650" ind1=" " ind2="0">
    <subfield code="a">Amor e Paix&#xE3;o</subfield>
    <subfield code="9">25</subfield>
  </datafield>
  <datafield tag="650" ind1=" " ind2="0">
    <subfield code="a">Conflito Social:</subfield>
    <subfield code="9">653</subfield>
  </datafield>
  <datafield tag="650" ind1=" " ind2="0">
    <subfield code="a">Critica religiosa</subfield>
    <subfield code="9">583</subfield>
  </datafield>
  <datafield tag="650" ind1=" " ind2="0">
    <subfield code="a">Injusti&#xE7;a Social</subfield>
    <subfield code="9">654</subfield>
  </datafield>
  <datafield tag="655" ind1=" " ind2="0">
    <subfield code="a">Romance</subfield>
    <subfield code="9">23</subfield>
  </datafield>
  <datafield tag="655" ind1=" " ind2="0">
    <subfield code="a">Fic&#xE7;&#xE3;o </subfield>
    <subfield code="9">22</subfield>
  </datafield>
  <datafield tag="700" ind1="1" ind2=" ">
    <subfield code="a">Faria, Oct&#xE1;vio de,</subfield>
    <subfield code="d">1908-1980.</subfield>
    <subfield code="e">TRADUTOR</subfield>
    <subfield code="9">655</subfield>
  </datafield>
  <datafield tag="830" ind1=" " ind2=" ">
    <subfield code="a">Os Imortais da Literatura Universal</subfield>
    <subfield code="9">461</subfield>
    <subfield code="v">vol. 27</subfield>
  </datafield>
  <datafield tag="942" ind1=" " ind2=" ">
    <subfield code="2">ddc</subfield>
    <subfield code="n">0</subfield>
    <subfield code="c">BK</subfield>
  </datafield>
  <datafield tag="952" ind1=" " ind2=" ">
    <subfield code="0">0</subfield>
    <subfield code="1">0</subfield>
    <subfield code="2">ddc</subfield>
    <subfield code="4">0</subfield>
    <subfield code="7">0</subfield>
    <subfield code="8">FIC</subfield>
    <subfield code="a">BIBIB</subfield>
    <subfield code="b">BIBIB</subfield>
    <subfield code="c">LE</subfield>
    <subfield code="d">2025-03-27</subfield>
    <subfield code="e">doa&#xE7;&#xE3;o</subfield>
    <subfield code="l">0</subfield>
    <subfield code="o">823 / H268j</subfield>
    <subfield code="p">2025-17276</subfield>
    <subfield code="r">2025-03-27 07:39:30</subfield>
    <subfield code="w">2025-03-27</subfield>
    <subfield code="y">BK</subfield>
  </datafield>
  <datafield tag="999" ind1=" " ind2=" ">
    <subfield code="c">323</subfield>
    <subfield code="d">323</subfield>
  </datafield>
</record>
